01062nam a2200241Ia 450000100060000000300090000600800410001504000130005604000130006904100130008210000110009510000290010624500170013524500370015225000110018926000090020026000140020926000490022330000410027250004440031365000320075765000310078911099IT-RoPAU130308s9999 xx 000 0 und d aIT-RoPAU cIT-RoPAU aITALIANO aAA.VV. gCodice Aut. SPICS: 12000 aCritico (Il) bCorso superiore di Giornalismo-4 a1a ed. aROMA bAccademia c1978 [1° Ed.:1978 - Ed.Ling.Originale:1978] a"48 p. (prefazione: no ; testo: 48)" aBreve Storia della Critica cronache Dello Spettacolo Critica Cultura e Informazione Critica in Italia Critica Teatrale Lavoro del Critico Formazione Culturale del Critico Critico Cinematografico Alcuni Esempi di Critiche Cinematografiche Critico Teatrale Alcuni Esempi di Critiche teatrali Critico Musicale Alcuni Esempi di Critiche Musicali Critico Televisivo Alcuni Esempi di Critica televisiva Decalogo del Critico Natura della Critica aREGIA DELLA STAMPA DI MASSA eCodice materia Spics: 6653